| 000 | 00544nam a2200181Ia 4500 | ||
|---|---|---|---|
| 008 | 090630s9999 xx 000 0 und d | ||
| 082 | _b9119 | ||
| 100 | _aसिन्हा कांता. | ||
| 245 |
_aतिरस्कार. _cसिन्हा कांता. |
||
| 260 | _b--- | ||
| 300 | _a107 | ||
| 600 | _aसिन्हा कांता. | ||
| 630 | _aतिरस्कार. | ||
| 655 | _aहिंदी. | ||
| 700 | _aसिन्हा कांता. | ||
| 730 | _aतिरस्कार. | ||
| 942 | _cBOOK | ||
| 999 |
_c260975 _d260975 |
||